[Event "Montcalm op 1 2013-14"]
[Site "Quebec CAN"]
[Date "2013.09.26"]
[Round "4"]
[White "Dube, Daniel"]
[Black "Plante, Rejean"]
[Result "0-1"]
[WhiteElo "1850"]
[BlackElo "1989"]
[PlyCount "140"]
[GameId "2160767909229599"]
[EventDate "2013.09.05"]
[EventType "swiss"]
[EventRounds "5"]
[EventCountry "CAN"]
[SourceTitle "EXT 2022"]
[Source "ChessBase"]
[SourceDate "2021.10.06"]
[SourceVersion "1"]
[SourceVersionDate "2021.10.06"]
[SourceQuality "1"]

1. Nf3 g6 2. e4 d6 3. c3 Bg7 4. Bc4 c6 5. O-O d5 6. exd5 cxd5 7. Bb5+ Nc6 8. d4 Bg4 9. Qa4 Bd7 10. Re1 e6 11. b4 a6 12. Bxc6 Bxc6 13. Qb3 Ne7 14. a4 O-O 15. a5 Rc8 16. Na3 Qe8 17. Bd2 Nf5 18. Ne5 Ba4 19. Qa2 Nd6 20. Nd3 Qd8 21. Nc5 Bc6 22. Bf4 Re8 23. Qd2 Nc4 24. Nxc4 dxc4 25. Ne4 e5 26. dxe5 Bxe4 27. Qxd8 Rexd8 28. Rxe4 Rd3 29. Rc1 f6 30. Kf1 g5 31. exf6 Bxf6 32. Re6 Bxc3 33. Bxg5 Bxb4 34. Re4 Bxa5 35. Rexc4 Rxc4 36. Rxc4 Kf7 37. Rf4+ Kg6 38. h4 Rd7 39. Rf6+ Kg7 40. Re6 Bb4 41. Be3 a5 42. Rb6 Be7 43. h5 a4 44. h6+ Kf7 45. Rb5 a3 46. Ra5 Bb4 47. Ra7 Ke6 48. Ke2 Kd5 49. Bc1 Bc5 50. Ra8 b5 51. Bxa3 b4 52. Bb2 Bd4 53. Bxd4 Kxd4 54. Kd2 Kc4+ 55. Kc1 Rd6 56. Rb8 Kc3 57. Rc8+ Kb3 58. Re8 Rc6+ 59. Kb1 Rxh6 60. Re3+ Kc4 61. Re4+ Kc3 62. Re3+ Kd4 63. Kb2 Rf6 64. Rh3 Rxf2+ 65. Kb3 Rf7 66. Rh4+ Ke3 67. Kxb4 Rf4+ 68. Rxf4 Kxf4 69. Kc4 h5 70. Kd3 Kg3 0-1

[Event "Montcalm op 1 2013-14"]
[Site "Quebec CAN"]
[Date "2013.09.26"]
[Round "4"]
[White "Lessard, Claude"]
[Black "Bergeron, Marc"]
[Result "0-1"]
[WhiteElo "2136"]
[BlackElo "1990"]
[PlyCount "73"]
[GameId "2160767909229600"]
[EventDate "2013.09.05"]
[EventType "swiss"]
[EventRounds "5"]
[EventCountry "CAN"]
[SourceTitle "EXT 2022"]
[Source "ChessBase"]
[SourceDate "2021.10.06"]
[SourceVersion "1"]
[SourceVersionDate "2021.10.06"]
[SourceQuality "1"]

1. d4 d5 2. c4 Nc6 3. Nf3 Bg4 4. Nc3 e6 5. cxd5 exd5 6. Bf4 Nf6 7. e3 Bb4 8. Be2 Ne4 9. Rc1 O-O 10. O-O Bxc3 11. bxc3 Na5 12. h3 Be6 13. Nd2 Nxd2 14. Qxd2 c6 15. Bd3 b5 16. Qe2 f5 17. f3 Nc4 18. Bh2 Qg5 19. Bxc4 dxc4 20. e4 Rae8 21. Kh1 Bd5 22. e5 Re6 23. a4 a6 24. axb5 axb5 25. Ra1 f4 26. Qc2 Qh5 27. Ra7 Rg6 28. Qa2 h6 29. Ra8 Rxa8 30. Qxa8+ Kh7 31. Qf8 Qh4 32. Kg1 Bxf3 33. Qxf4 Qxf4 34. Bxf4 Bd5 35. Bd2 c5 36. dxc5 Kg8 37. Be3 0-1

[Event "Montcalm op 1 2013-14"]
[Site "Quebec CAN"]
[Date "2013.09.26"]
[Round "4"]
[White "Ripoll, Arthur"]
[Black "Sarra-Bournet, Marc"]
[Result "1/2-1/2"]
[WhiteElo "1636"]
[BlackElo "1818"]
[PlyCount "133"]
[GameId "2160767909229601"]
[EventDate "2013.09.05"]
[EventType "swiss"]
[EventRounds "5"]
[EventCountry "CAN"]
[SourceTitle "EXT 2022"]
[Source "ChessBase"]
[SourceDate "2021.10.06"]
[SourceVersion "1"]
[SourceVersionDate "2021.10.06"]
[SourceQuality "1"]

1. e4 e5 2. Nf3 Nc6 3. Bb5 a6 4. Bxc6 dxc6 5. O-O Bg4 6. h3 h5 7. d3 Qf6 8. Nbd2 Ne7 9. Qe2 Ng6 10. Qe3 Nf4 11. Re1 Bxh3 12. gxh3 Qg6+ 13. Ng5 Qxg5+ 14. Qg3 Nxh3+ 15. Kg2 Nf4+ 16. Kh2 Qf6 17. Nf3 Be7 18. Nxe5 Qxe5 19. Bxf4 h4 20. Bxe5 hxg3+ 21. Kxg3 Kd7 22. Rh1 f6 23. Bd4 Bd6+ 24. f4 g5 25. e5 gxf4+ 26. Kxf4 fxe5+ 27. Bxe5 Rhf8+ 28. Ke4 Rae8 29. Rh7+ Kc8 30. d4 Rf2 31. Rc1 Bxe5 32. dxe5 Re2+ 33. Kd3 R2xe5 34. Rh3 Rd8+ 35. Kc3 Rc5+ 36. Kb3 b6 37. Rf1 Kb7 38. Rf7 Rb5+ 39. Ka3 c5 40. Rhh7 Rc8 41. c3 Ra5+ 42. Kb3 c4+ 43. Kxc4 Rxa2 44. Kb3 Ra1 45. Rd7 a5 46. Rhg7 Rf1 47. Rdf7 Rxf7 48. Rxf7 Rh8 49. Rf6 Rh3 50. Ka3 b5 51. Kb3 Rh2 52. Re6 c5 53. Rf6 c4+ 54. Ka3 Rh1 55. Ka2 Rd1 56. Re6 Rd2 57. Rf6 b4 58. Rf4 bxc3 59. Rxc4 Rxb2+ 60. Ka3 Rb4 61. Rxc3 Kb6 62. Rh3 Kc5 63. Rh5+ Kb6 64. Rh6+ Kb5 65. Rh5+ Kb6 66. Rh6+ Kb5 67. Rh5+ 1/2-1/2

[Event "Montcalm op 1 2013-14"]
[Site "Quebec CAN"]
[Date "2013.10.03"]
[Round "5"]
[White "Auger, Bertrand"]
[Black "Plante, Rejean"]
[Result "1/2-1/2"]
[WhiteElo "1956"]
[BlackElo "1989"]
[PlyCount "135"]
[GameId "2160767909229602"]
[EventDate "2013.09.05"]
[EventType "swiss"]
[EventRounds "5"]
[EventCountry "CAN"]
[SourceTitle "EXT 2022"]
[Source "ChessBase"]
[SourceDate "2021.10.06"]
[SourceVersion "1"]
[SourceVersionDate "2021.10.06"]
[SourceQuality "1"]

1. Nf3 c5 2. c4 g6 3. Nc3 Bg7 4. g3 Nc6 5. Bg2 e6 6. O-O Nge7 7. d3 O-O 8. Bg5 h6 9. Bd2 d5 10. Qc1 Kh7 11. Rb1 b6 12. a3 d4 13. Na2 a5 14. b3 e5 15. Rb2 f5 16. b4 axb4 17. axb4 Ra7 18. bxc5 bxc5 19. Qb1 Be6 20. Nc1 e4 21. Ne1 e3 22. fxe3 dxe3 23. Bxe3 Bxb2 24. Qxb2 Nd4 25. h4 Rd7 26. Qd2 Ng8 27. Nf3 Nxf3+ 28. Bxf3 Bxc4 29. Bxc5 Rff7 30. Qf4 Be6 31. Be3 Qc7 32. Qxc7 Rxc7 33. d4 Nf6 34. Nd3 Bd5 35. Ne5 Rfe7 36. Bf4 Rc2 37. Rd1 Ra7 38. Nd3 Bxf3 39. exf3 Nd5 40. Re1 Raa2 41. Be5 g5 42. hxg5 hxg5 43. Bd6 Rd2 44. Nb4 Rg2+ 45. Kh1 Rh2+ 46. Kg1 Rag2+ 47. Kf1 f4 48. gxf4 Nxf4 49. Bxf4 gxf4 50. Nd5 Rd2 51. Kg1 Rhg2+ 52. Kh1 Rgf2 53. Nf6+ Kg6 54. Ne4 Rh2+ 55. Kg1 Rhg2+ 56. Kh1 Rh2+ 57. Kg1 Rdg2+ 58. Kf1 Rc2 59. Kg1 Rhe2 60. Rd1 Re3 61. d5 Rxf3 62. d6 Rc8 63. d7 Rd8 64. Nc5 Kf6 65. Rd6+ Kf7 66. Kg2 Rc3 67. Rd5 Rg8+ 68. Kf2 1/2-1/2

[Event "Montcalm op 1 2013-14"]
[Site "Quebec CAN"]
[Date "2013.10.03"]
[Round "5"]
[White "Bender, Karl"]
[Black "Perreault, Jacquelin"]
[Result "0-1"]
[WhiteElo "1573"]
[BlackElo "1724"]
[PlyCount "108"]
[GameId "2160767909229603"]
[EventDate "2013.09.05"]
[EventType "swiss"]
[EventRounds "5"]
[EventCountry "CAN"]
[SourceTitle "EXT 2022"]
[Source "ChessBase"]
[SourceDate "2021.10.06"]
[SourceVersion "1"]
[SourceVersionDate "2021.10.06"]
[SourceQuality "1"]

1. d4 f5 2. g3 Nf6 3. Bg2 e6 4. Bg5 Bb4+ 5. c3 Be7 6. Bxf6 Bxf6 7. Nf3 d6 8. O-O O-O 9. Nbd2 Nd7 10. e4 fxe4 11. Nxe4 b6 12. Nfd2 Ba6 13. Re1 Be7 14. f4 h6 15. Qg4 e5 16. Nxd6 Bxd6 17. Bxa8 Qxa8 18. Qxd7 Bc8 19. Qb5 exf4 20. Qc4+ Kh8 21. d5 fxg3 22. hxg3 Bxg3 23. Rf1 Bh3 24. Rf3 Rxf3 25. Nxf3 Qf8 26. Qe4 Qc5+ 27. Qd4 Qd6 28. Qe4 Qf6 29. Rf1 Bxf1 30. Kxf1 g5 31. Qd4 Kg7 32. Qxf6+ Kxf6 33. Nd4 h5 34. Kg2 Bd6 35. c4 g4 36. a3 h4 37. b4 h3+ 38. Kh1 Ke5 39. Nb5 a6 40. Na7 Kd4 41. c5 Kxd5 42. cxd6 cxd6 43. a4 Kc4 44. Nc6 d5 45. b5 axb5 46. Ne5+ Kb4 47. axb5 Kxb5 48. Nxg4 d4 49. Kh2 Kc4 50. Kxh3 b5 51. Kg2 b4 52. Kf2 b3 53. Ne5+ Kc3 54. Ke2 b2 0-1

[Event "Montcalm op 1 2013-14"]
[Site "Quebec CAN"]
[Date "2013.10.03"]
[Round "5"]
[White "Bergeron, Marc"]
[Black "Sarra-Bournet, Marc"]
[Result "0-1"]
[WhiteElo "1986"]
[BlackElo "1818"]
[PlyCount "63"]
[GameId "2160767909229604"]
[EventDate "2013.09.05"]
[EventType "swiss"]
[EventRounds "5"]
[EventCountry "CAN"]
[SourceTitle "EXT 2022"]
[Source "ChessBase"]
[SourceDate "2021.10.06"]
[SourceVersion "1"]
[SourceVersionDate "2021.10.06"]
[SourceQuality "1"]

1. c4 e5 2. g3 Nf6 3. Bg2 Bc5 4. a3 d6 5. e3 Nc6 6. b4 Bb6 7. Nc3 O-O 8. Nge2 Bg4 9. h3 Bf5 10. d4 exd4 11. exd4 Re8 12. O-O a6 13. g4 Bg6 14. Bg5 Qd7 15. Bxf6 gxf6 16. Nd5 Kg7 17. c5 Ba7 18. Nec3 f5 19. g5 Re6 20. h4 h5 21. Nf4 Ree8 22. Ncd5 Rh8 23. Qd2 Rad8 24. Nf6 Qc8 25. Qb2 Kf8 26. Rfe1 Nxd4 27. Qxd4 dxc5 28. Nxg6+ fxg6 29. Nd7+ Qxd7 30. Qxh8+ Kf7 31. Qf6+ Kg8 32. Re7 0-1

[Event "Montcalm op 1 2013-14"]
[Site "Quebec CAN"]
[Date "2013.10.03"]
[Round "5"]
[White "Bourassa, Andre"]
[Black "Dube, Daniel"]
[Result "0-1"]
[WhiteElo "1696"]
[BlackElo "1850"]
[PlyCount "92"]
[GameId "2160767909229605"]
[EventDate "2013.09.05"]
[EventType "swiss"]
[EventRounds "5"]
[EventCountry "CAN"]
[SourceTitle "EXT 2022"]
[Source "ChessBase"]
[SourceDate "2021.10.06"]
[SourceVersion "1"]
[SourceVersionDate "2021.10.06"]
[SourceQuality "1"]

1. d4 Nf6 2. c4 e6 3. Nc3 Bb4 4. Nf3 c5 5. Qc2 d5 6. e3 O-O 7. Bd2 cxd4 8. Nxd4 e5 9. Nb3 d4 10. exd4 exd4 11. Nb5 Re8+ 12. Kd1 Bxd2 13. Nxd2 a6 14. Na3 Ng4 15. Nf3 Nc6 16. h3 d3 17. Qd2 Nf6 18. Bxd3 Nb4 19. Qxb4 Qxd3+ 20. Qd2 Qf5 21. Re1 Be6 22. Qc3 Rad8+ 23. Kc1 Qf4+ 24. Re3 Nd5 25. Qd4 Nxe3 26. Qxe3 Qd6 27. Qd2 Qc5 28. Qe3 Qa5 29. Qc3 Qa4 30. Nc2 Qd7 31. b3 Bf5 32. Ne3 Be4 33. Ne1 f5 34. f3 f4 35. fxe4 fxe3 36. Kc2 Qd2+ 37. Qxd2 Rxd2+ 38. Kc3 Red8 39. Nc2 a5 40. Re1 R8d3+ 41. Kb2 Rxg2 42. Kb1 e2 43. Kc1 Rf2 44. Kb2 Rd1 45. Kc3 Rf3+ 46. Kb2 Rxe1 0-1

[Event "Montcalm op 2 2013-14"]
[Site "Quebec CAN"]
[Date "2013.10.10"]
[Round "1"]
[White "Auger, Bertrand"]
[Black "Bluteau, Yvon"]
[Result "1-0"]
[WhiteElo "2042"]
[BlackElo "1841"]
[PlyCount "77"]
[GameId "2160767909229272"]
[EventDate "2013.10.10"]
[EventType "swiss"]
[EventRounds "5"]
[EventCountry "CAN"]
[SourceTitle "EXT 2022"]
[Source "ChessBase"]
[SourceDate "2021.10.06"]
[SourceVersion "1"]
[SourceVersionDate "2021.10.06"]
[SourceQuality "1"]

1. Nf3 c5 2. c4 Nf6 3. Nc3 g6 4. g3 Bg7 5. Bg2 O-O 6. O-O Nc6 7. d4 cxd4 8. Nxd4 Qa5 9. Nc2 d6 10. Nd5 Bf5 11. Nce3 Bd7 12. Bd2 Qd8 13. Bc3 Ne5 14. Nxf6+ Bxf6 15. Bxb7 Rb8 16. Bg2 Be6 17. Rc1 Qd7 18. Nd5 Bxd5 19. Bxd5 Qh3 20. Bg2 Qh5 21. e4 Qh6 22. f4 Nxc4 23. Bxf6 Ne3 24. Bg5 Qg7 25. Qd2 Nxf1 26. Bxf1 Rxb2 27. Qc3 Qxc3 28. Rxc3 f6 29. Bh6 Rfb8 30. Bc4+ Kh8 31. Bb3 a5 32. Rc4 Re2 33. h4 g5 34. hxg5 fxg5 35. Bxg5 e6 36. Bf6+ Kg8 37. Bc3 a4 38. Rxa4 Rc8 39. Bxe6+ 1-0

[Event "Montcalm op 2 2013-14"]
[Site "Quebec CAN"]
[Date "2013.10.10"]
[Round "1"]
[White "Bergeron, Marc"]
[Black "Lessard, Claude"]
[Result "0-1"]
[WhiteElo "2026"]
[BlackElo "2100"]
[PlyCount "60"]
[GameId "2160767909229273"]
[EventDate "2013.10.10"]
[EventType "swiss"]
[EventRounds "5"]
[EventCountry "CAN"]
[SourceTitle "EXT 2022"]
[Source "ChessBase"]
[SourceDate "2021.10.06"]
[SourceVersion "1"]
[SourceVersionDate "2021.10.06"]
[SourceQuality "1"]

1. c4 e5 2. g3 Nf6 3. Bg2 Nc6 4. Nc3 Bc5 5. a3 a5 6. e3 d6 7. Nge2 Bf5 8. d4 Ba7 9. h3 O-O 10. g4 Bd7 11. d5 Ne7 12. g5 Ne8 13. h4 c6 14. Ng3 cxd5 15. cxd5 f5 16. f4 exf4 17. exf4 Rc8 18. Qe2 Nc7 19. Kd1 Na6 20. Be3 Bxe3 21. Qxe3 Re8 22. Rc1 Nc5 23. Rc2 Ng6 24. Qd4 Nb3 25. Qf2 Rc4 26. Nge2 b5 27. Rh3 b4 28. h5 Nf8 29. Nb1 Rxc2 30. Kxc2 Rxe2+ 0-1

[Event "Montcalm op 2 2013-14"]
[Site "Quebec CAN"]
[Date "2013.10.10"]
[Round "1"]
[White "Bourassa, Andre"]
[Black "Fontaine, Frederic Geor"]
[Result "1-0"]
[WhiteElo "1691"]
[BlackElo "1372"]
[PlyCount "71"]
[GameId "2160767909229274"]
[EventDate "2013.10.10"]
[EventType "swiss"]
[EventRounds "5"]
[EventCountry "CAN"]
[SourceTitle "EXT 2022"]
[Source "ChessBase"]
[SourceDate "2021.10.06"]
[SourceVersion "1"]
[SourceVersionDate "2021.10.06"]
[SourceQuality "1"]

1. d4 d5 2. c4 dxc4 3. e4 b5 4. a4 Ba6 5. axb5 Bxb5 6. b3 Bc6 7. d5 Bb7 8. bxc4 Nf6 9. Bd3 Nbd7 10. Qa4 Ng4 11. Nf3 Qc8 12. h3 Ngf6 13. Be3 a6 14. O-O c6 15. Rc1 g6 16. e5 Nh5 17. g4 Ng7 18. Nbd2 Qc7 19. Bd4 c5 20. Bc3 e6 21. Ba5 Qc8 22. Ne4 Be7 23. d6 Bxe4 24. Bxe4 Bd8 25. Bxd8 Qxd8 26. Bxa8 Qxa8 27. Qxa6 Qd8 28. Qc6 O-O 29. Ra7 Qb6 30. Qxd7 Qb3 31. Qc6 f5 32. exf6 Rxf6 33. Ra8+ Rf8 34. Rxf8+ Kxf8 35. d7 Qb8 36. Qc8+ 1-0

[Event "Montcalm op 2 2013-14"]
[Site "Quebec CAN"]
[Date "2013.10.10"]
[Round "1"]
[White "Hebert, Andre jr"]
[Black "Ripoll, Arthur"]
[Result "1-0"]
[WhiteElo "1610"]
[BlackElo "1698"]
[PlyCount "207"]
[GameId "2160767909229275"]
[EventDate "2013.10.10"]
[EventType "swiss"]
[EventRounds "5"]
[EventCountry "CAN"]
[SourceTitle "EXT 2022"]
[Source "ChessBase"]
[SourceDate "2021.10.06"]
[SourceVersion "1"]
[SourceVersionDate "2021.10.06"]
[SourceQuality "1"]

1. f4 e5 2. fxe5 d6 3. exd6 Bxd6 4. Nf3 g5 5. g3 g4 6. Nh4 Ne7 7. d4 Ng6 8. Ng2 f5 9. c4 c6 10. Bh6 Qf6 11. Qd2 Be6 12. d5 cxd5 13. cxd5 Bf7 14. Bg5 Qe5 15. Nc3 O-O 16. O-O-O a5 17. Bf4 Nxf4 18. Nxf4 Bc5 19. e4 fxe4 20. Qe2 e3 21. Qxg4+ Kh8 22. Nd3 Qd6 23. Nxc5 Qxc5 24. Qd4+ Qxd4 25. Rxd4 Bg6 26. Rf4 Re8 27. Be2 Nd7 28. h4 Rac8 29. Kd1 Nc5 30. Rd4 Re5 31. h5 Be4 32. Rh4 Bg2 33. d6 Rd8 34. Bb5 Bc6 35. Bc4 Ne6 36. Rd3 Bf3+ 37. Ke1 Nc5 38. Rdd4 Ne6 39. Bxe6 Rxe6 40. d7 Re7 41. Rhf4 Bxh5 42. Rf5 Bf7 43. Rxa5 Rexd7 44. Rxd7 Rxd7 45. Re5 Rd2 46. b3 Rc2 47. Rxe3 b5 48. Kd1 Rg2 49. b4 Bxa2 50. Nxb5 Rb2 51. Re4 Bd5 52. Rd4 Bc6 53. Nd6 Rg2 54. Rd3 Rb2 55. Rd4 Rg2 56. Nf5 h5 57. Ke1 Kh7 58. Rd2 Rg1+ 59. Kf2 Rg2+ 60. Ke3 Rg1 61. Rd6 Ba4 62. Rh6+ Kg8 63. Rxh5 Kf7 64. Kf2 Rb1 65. Rh4 Kf6 66. Ne3 Rb2+ 67. Ke1 Bb5 68. Rf4+ Ke6 69. Re4+ Kf6 70. Nd1 Rg2 71. g4 Bc6 72. Rd4 Kg5 73. Ne3 Rg3 74. Kd2 Rg1 75. b5 Bb7 76. Rb4 Ra1 77. b6 Ra2+ 78. Kc3 Ra3+ 79. Kd4 Kf4 80. Nc4 Rg3 81. Nd6 Bf3 82. Kc5+ Ke5 83. g5 Ke6 84. Ne4 Bxe4 85. Rxe4+ Kd7 86. Rd4+ Kc8 87. Rd5 Kb7 88. Rd7+ Kc8 89. Rd5 Kb7 90. Rd7+ Kc8 91. Rg7 Rc3+ 92. Kd6 Rd3+ 93. Ke6 Re3+ 94. Kf7 Kb7 95. Rg6 Rf3+ 96. Rf6 Rd3 97. Kg7 Rd7+ 98. Kg8 Rd8+ 99. Kh7 Rd1 100. g6 Rd8 101. g7 Rd7 102. Kh8 Rd1 103. Rh6 Rd8+ 104. g8=Q 1-0

[Event "Montcalm op 2 2013-14"]
[Site "Quebec CAN"]
[Date "2013.10.10"]
[Round "1"]
[White "Marquis, Paul"]
[Black "Gaulin, Gaetan"]
[Result "1/2-1/2"]
[WhiteElo "1983"]
[BlackElo "2021"]
[PlyCount "76"]
[GameId "2160767909229276"]
[EventDate "2013.10.10"]
[EventType "swiss"]
[EventRounds "5"]
[EventCountry "CAN"]
[SourceTitle "EXT 2022"]
[Source "ChessBase"]
[SourceDate "2021.10.06"]
[SourceVersion "1"]
[SourceVersionDate "2021.10.06"]
[SourceQuality "1"]

1. c4 Nf6 2. Nc3 c5 3. g3 g6 4. Bg2 Bg7 5. e4 Nc6 6. Nge2 d6 7. O-O O-O 8. d3 Rb8 9. h3 a6 10. a4 e5 11. Nd5 Nxd5 12. exd5 Nb4 13. Ra3 b5 14. axb5 axb5 15. Bd2 bxc4 16. dxc4 f5 17. Bc3 f4 18. gxf4 exf4 19. Bxg7 Kxg7 20. Qd2 g5 21. Ra7+ Kg8 22. Qc3 Rb7 23. Rxb7 Bxb7 24. Qf3 Bc8 25. Nc3 Bf5 26. Ne4 Re8 27. Re1 Re5 28. Qc3 Qe7 29. f3 Bxe4 30. Rxe4 Kf7 31. Rxe5 Qxe5 32. Qxe5 dxe5 33. Bf1 h5 34. Be2 Kf6 35. Kf2 Kf5 36. b3 Kf6 37. Ke1 Kf5 38. Kf2 Kf6 1/2-1/2

[Event "Montcalm op 2 2013-14"]
[Site "Quebec CAN"]
[Date "2013.10.10"]
[Round "1"]
[White "Sarra-Bournet, Marc"]
[Black "Dumont, Eric"]
[Result "1-0"]
[WhiteElo "1795"]
[BlackElo "1705"]
[PlyCount "57"]
[GameId "2160767909229277"]
[EventDate "2013.10.10"]
[EventType "swiss"]
[EventRounds "5"]
[EventCountry "CAN"]
[SourceTitle "EXT 2022"]
[Source "ChessBase"]
[SourceDate "2021.10.06"]
[SourceVersion "1"]
[SourceVersionDate "2021.10.06"]
[SourceQuality "1"]

1. e4 c6 2. d4 d5 3. Nd2 dxe4 4. Nxe4 Bf5 5. Ng3 Bg6 6. h4 h6 7. h5 Bh7 8. Nf3 Nf6 9. Bd3 Bxd3 10. Qxd3 e6 11. Bd2 Qb6 12. O-O-O Nbd7 13. Ne5 Nxe5 14. dxe5 Ng4 15. Qe2 Nxf2 16. Be3 Bc5 17. Bxf2 Bxf2 18. Rd3 Bd4 19. c3 Bc5 20. Rhd1 O-O 21. Ne4 Be7 22. Qg4 Rad8 23. Kc2 Rxd3 24. Rxd3 Rd8 25. Rg3 Bf8 26. Qf3 Qa5 27. Nf6+ Kh8 28. Qf4 gxf6 29. Qxf6+ 1-0

[Event "Montcalm op 2 2013-14"]
[Site "Quebec CAN"]
[Date "2013.10.17"]
[Round "2"]
[White "Auger, Bertrand"]
[Black "Marquis, Paul"]
[Result "1/2-1/2"]
[WhiteElo "2042"]
[BlackElo "1983"]
[PlyCount "63"]
[GameId "2160767909229278"]
[EventDate "2013.10.10"]
[EventType "swiss"]
[EventRounds "5"]
[EventCountry "CAN"]
[SourceTitle "EXT 2022"]
[Source "ChessBase"]
[SourceDate "2021.10.06"]
[SourceVersion "1"]
[SourceVersionDate "2021.10.06"]
[SourceQuality "1"]

1. Nf3 Nf6 2. g3 g6 3. b4 Bg7 4. Bb2 O-O 5. Bg2 d6 6. c4 e5 7. d3 Qe7 8. O-O Nbd7 9. Nbd2 a5 10. a3 a4 11. Qc2 c5 12. Bc3 Nh5 13. bxc5 Nxc5 14. Rfe1 f5 15. d4 exd4 16. Nxd4 f4 17. Bd5+ Kh8 18. Nb5 Nf6 19. Bg2 fxg3 20. hxg3 Bd7 21. Qb2 Bc6 22. Nf3 Nb3 23. Rad1 Bxb5 24. cxb5 Ne4 25. Bxg7+ Qxg7 26. Qxg7+ Kxg7 27. Nd4 Rfe8 28. Rd3 Nec5 29. Rdd1 Ra5 30. e3 Ne4 31. Bf1 Nc3 32. Rd3 1/2-1/2

[Event "Montcalm op 2 2013-14"]
[Site "Quebec CAN"]
[Date "2013.10.17"]
[Round "2"]
[White "Bourassa, Andre"]
[Black "Gagnon, Stephane"]
[Result "1-0"]
[WhiteElo "1691"]
[BlackElo "1556"]
[PlyCount "63"]
[GameId "2160767909229279"]
[EventDate "2013.10.10"]
[EventType "swiss"]
[EventRounds "5"]
[EventCountry "CAN"]
[SourceTitle "EXT 2022"]
[Source "ChessBase"]
[SourceDate "2021.10.06"]
[SourceVersion "1"]
[SourceVersionDate "2021.10.06"]
[SourceQuality "1"]

1. d4 d5 2. c4 Nc6 3. cxd5 Qxd5 4. Nf3 e6 5. a3 Nf6 6. Nc3 Qd8 7. e4 a6 8. Bd3 Be7 9. e5 Nd7 10. Qc2 f5 11. exf6 Nxf6 12. Be3 O-O 13. O-O-O Kh8 14. h3 Qe8 15. Ne5 b5 16. Nxb5 Bd7 17. Nxc7 Qd8 18. Nxa8 Qxa8 19. Nxd7 Nxd7 20. Kd2 Bg5 21. Be4 Rxf2+ 22. Ke1 Rxc2 23. Bxg5 Rxb2 24. Rc1 Qb8 25. Rxc6 Qg3+ 26. Kd1 Qb3+ 27. Ke1 Kg8 28. Rc8+ Nf8 29. Rf1 Qg3+ 30. Kd1 Qb3+ 31. Kc1 g6 32. Bh6 1-0

[Event "Montcalm op 2 2013-14"]
[Site "Quebec CAN"]
[Date "2013.10.17"]
[Round "2"]
[White "Theriault, Francis"]
[Black "Ripoll, Arthur"]
[Result "0-1"]
[WhiteElo "1627"]
[BlackElo "1698"]
[PlyCount "40"]
[GameId "2160767909229280"]
[EventDate "2013.10.10"]
[EventType "swiss"]
[EventRounds "5"]
[EventCountry "CAN"]
[SourceTitle "EXT 2022"]
[Source "ChessBase"]
[SourceDate "2021.10.06"]
[SourceVersion "1"]
[SourceVersionDate "2021.10.06"]
[SourceQuality "1"]

1. e4 e5 2. Nf3 Nc6 3. Bb5 Nd4 4. Nxd4 exd4 5. c3 Qg5 6. Bf1 Bc5 7. d3 Qg6 8. Qa4 Qf6 9. c4 Qg6 10. g3 f5 11. Bg2 Nf6 12. e5 Ng4 13. O-O O-O 14. b4 Be7 15. Bf4 d6 16. exd6 Bxd6 17. Bxd6 Qxd6 18. Nd2 Nxh2 19. Qb3 Qh6 20. Rfe1 f4 0-1

[Event "Montcalm op 2 2013-14"]
[Site "Quebec CAN"]
[Date "2013.10.24"]
[Round "3"]
[White "Auger, Bertrand"]
[Black "Lessard, Claude"]
[Result "0-1"]
[WhiteElo "2042"]
[BlackElo "2100"]
[PlyCount "102"]
[GameId "2160767909229281"]
[EventDate "2013.10.10"]
[EventType "swiss"]
[EventRounds "5"]
[EventCountry "CAN"]
[SourceTitle "EXT 2022"]
[Source "ChessBase"]
[SourceDate "2021.10.06"]
[SourceVersion "1"]
[SourceVersionDate "2021.10.06"]
[SourceQuality "1"]

1. Nf3 b5 2. g3 Nf6 3. Bg2 Bb7 4. O-O c5 5. b3 e6 6. Bb2 Be7 7. c4 bxc4 8. bxc4 Nc6 9. d3 O-O 10. Nbd2 a5 11. Rb1 Qc7 12. a3 d5 13. cxd5 exd5 14. Qc2 Rfe8 15. Rfc1 Rac8 16. Qd1 Qd7 17. Nb3 Nd8 18. Nxa5 Ba6 19. Nb3 Qa7 20. Nbd2 Ne6 21. Qa4 c4 22. dxc4 Ng4 23. c5 Nxf2 24. Kxf2 Nxc5 25. Bd4 Bf6 26. Kg1 Rxe2 27. Re1 Rxg2+ 28. Kh1 Nxa4 29. Bxa7 Re2 30. Rxe2 Bxe2 31. Bd4 Be7 32. Re1 Bxf3+ 33. Nxf3 Bd6 34. Rb1 f6 35. Kg2 Rc4 36. Rb7 Rc7 37. Rb5 Rc2+ 38. Kg1 Nc3 39. Bxc3 Rxc3 40. Rxd5 Bxa3 41. Nd2 Rc1+ 42. Kf2 Rc2 43. Kf3 Bb4 44. Ne4 Rxh2 45. Rb5 Ba3 46. Ra5 Bb2 47. Ra7 Be5 48. Nc5 Rh3 49. Nd7 Rxg3+ 50. Kf2 Bd4+ 51. Kxg3 Bxa7 0-1

[Event "Montcalm op 2 2013-14"]
[Site "Quebec CAN"]
[Date "2013.10.24"]
[Round "3"]
[White "Bergeron, Marc"]
[Black "Auger, Bertrand"]
[Result "1-0"]
[WhiteElo "2026"]
[BlackElo "2042"]
[PlyCount "109"]
[GameId "2160767909229282"]
[EventDate "2013.10.10"]
[EventType "swiss"]
[EventRounds "5"]
[EventCountry "CAN"]
[SourceTitle "EXT 2022"]
[Source "ChessBase"]
[SourceDate "2021.10.06"]
[SourceVersion "1"]
[SourceVersionDate "2021.10.06"]
[SourceQuality "1"]

1. c4 Nf6 2. g3 e6 3. Nf3 b6 4. Bg2 Bb7 5. O-O c5 6. Nc3 Be7 7. Re1 O-O 8. e4 d6 9. b3 a6 10. d4 cxd4 11. Nxd4 Qc7 12. Bb2 Nc6 13. Rc1 Nxd4 14. Qxd4 Rab8 15. h3 Rfd8 16. Na4 Bc6 17. Nc3 Bb7 18. Qe3 Rd7 19. g4 Qd8 20. Qe2 Ne8 21. a4 e5 22. Rcd1 Nc7 23. Bc1 Ne6 24. Be3 Bg5 25. Qd2 Bxe3 26. fxe3 Qc7 27. Rc1 Nc5 28. Qd1 a5 29. Re2 Re8 30. Rd2 Re6 31. Qc2 Qd8 32. Rf1 Qg5 33. Nd1 g6 34. Rdf2 h5 35. gxh5 Nxe4 36. Kh2 Qg3+ 37. Kg1 Nxf2 38. Qxf2 Qxf2+ 39. Rxf2 gxh5 40. Bxb7 Rxb7 41. Nc3 Rg6+ 42. Kh2 f6 43. Nd5 f5 44. Rxf5 Rbg7 45. Nf6+ Rxf6 46. Rxf6 Rd7 47. e4 Kg7 48. Rf5 Kg6 49. Kg3 Rg7 50. Kh4 Kh6 51. Rxh5+ Kg6 52. Rg5+ Kh6 53. Rxg7 Kxg7 54. Kg5 Kf7 55. Kf5 1-0